Jeu de l'année aux Game Awards - Statistiques

Statistiques générales
  • Ce quiz a été pris 102 fois
    48 depuis la dernière actualisation
  • Le résultat moyen est 7 sur 10
Statistiques - réponses
Hint Réponse % Correct
2017: : Renouveau d'une célèbre saga de Nintendo avec un monde ouvert et où l'ennemi principal est Ganon The Legend of Zelda : Breath of the Wild
92%
2022 : Nouvelle licence de From Software plébiscité pour son open world, sa customisation de personnage et son grand nombre de boss Elden Ring
90%
2020 : Suite d'une licence à succès de Naughty Dogs où l'on incarne des années après des personnages toujours dans un monde infecté par un virus The Last of Us Part 2
85%
2016 : FPS en équipe développé par Blizzard et qui a eu le droit en 2022 à son deuxième opus Overwatch
79%
2019 : Nouvelle licence de From Software, réputé pour sa difficulté et par ses combats impressionnants au katana dans un japon féodal meurtri Sekiro : Shadows Die Twice
79%
2021 : Jeu de Hazelight Studios uniquement coop où l'on incarnent des parents au bord du divorce alors qu'ils sont changés en jouets It Takes Two
67%
2023 : Retour d'une licence de RPG-JDR de Larian Studios plébiscité pour son grand contenu Baldur's Gate 3
64%
2018 : Quatrième opus d'une saga mythique de Santa Monica Studio, plus axée sur de l'Action-Aventure plutôt que du Beat them all God of War
64%
2015 : Troisième et dernier opus en date d'une célèbre série de jeu développépar CD Projekt Red et qui est tiré de l'œuvre de Andrzej Sapkowski The Witcher 3 : Wild Hunt
64%
2014 : Suite d'une célèbre saga d'Action-RPG développé par Bioware Dragon Age : Inquisition
26%
Aucun quiz correspondant
Distribution des résultats
% des personnes avec chaque résultat
Percentile par nombre de réponses
Votre historique - résultats
Vous n’avez pas pris ce quiz depuis la dernière actualisation